Marcatori della Spagna agli Europei - Europa 2020 - Statistics

Statistiche generali
  • Questo quiz è stato fatto 6 volte
  • Il punteggio medio è 6 su 10
Statistiche sulle risposte
Partita Minuto Marcatore % Corretto
Spagna - Polonia 1-1 77' Álvaro Morata
100%
Croazia - Spagna 3-5 (d.t.s) 100' Álvaro Morata
100%
Italia - Spagna 5-3 (d.c.r) 80' Álvaro Morata
100%
Slovacchia - Spagna 0-5 67' Ferrán Torres
83%
Croazia - Spagna 3-5 (d.t.s) 77' Ferrán Torres
83%
Croazia - Spagna 3-5 (d.t.s) 103' Mikel Oyarzabal
50%
Slovacchia - Spagna 0-5 48' Aymeric Laporte
33%
Croazia - Spagna 3-5 (d.t.s) 57' César Azpilicueta
17%
Slovacchia - Spagna 0-5 56' Pablo Sarabia
17%
Croazia - Spagna 3-5 (d.t.s) 38' Pablo Sarabia
17%
Nessun quiz corrispondente trovato
Distribuzione punteggi
Percentuale di utenti per punteggio
Percentile per numero di risposta
I tuoi punteggi nel tempo
Non hai fatto questo quiz